Introduction
| Titel: | Introduction / Violeta Davoliūtė and Tomas Balkelis |
|---|---|
| Verfasser: | ; |
| In: |
Narratives of exile and identity, (2018), Seite 1-15 alle Artikel anzeigen |
| Veröffentlicht: | 2018 |
| Format: | Aufsatz |
| Sprache: | Englisch |
X
alg: 43598080 001A $03025:06-09-18 001B $03025:11-09-18 $t16:07:13.000 001C $03025:06-09-18 $t11:07:43.000 001D $03025:06-09-18 001U $0utf8 001X $00 002@ $0Aou 002C $aText $btxt $2rdacontent 002D $aohne Hilfsmittel zu benutzen $bn $2rdamedia 002E $aBand $bnc $2rdacarrier 003@ $0435980807 007A $0435980807 $aHEB 010@ $aeng 010E $erda 011@ $a2018 021A $aIntroduction $hVioleta Davoliūtė and Tomas Balkelis 028A $BVerfasser $4aut $7104641318X $8Davoliūtė, Violeta$Z1967- [Tp3] $9335497950 028C $BVerfasser $4aut $71098216962 $8Balkelis, Tomas$Z1970- [Tp3] $9378597167 031A $h1-15 $j2018 039B $aEnthalten in $8--Aau--. Narratives of exile and identity. - Budapest : Central European University Press, 2018. - xii, 220 Seiten. - ISBN 963-386-183-7 $x201800000000000999 $9415910714 044K $#Baltische Staaten $#Baltikum $#Baltische Staaten $#Baltische Provinzen $#Russische Ostseeprovinzen $#Baltische Republiken $#Russland, Ostseeprovinzen $74004379-4 $8Baltikum [Tg1] $9085003506 044K $RNordasien $#Sibirien $#Sibirien $#Sibir' $#Сиби́рь $#Sibiras $#Syberia $#Siberia $#Sibiř $#Sibír $#Sibīrija $#Siber $74054780-2 $8Sibirien [Tg1] $9085152390 044K $RVerbannung $RVerschleppung $RDeportierter $RWeibliche Deportierte $#Deportation $#Expulsion des étrangers $#Déportation $#Deportation $74011467-3 $8Deportation [Ts1] $9085023345 044K $RSelbsthilfe $RVölkerrecht $#Reprisals $#Représailles $#Rappresaglia $#Represalias $#Vergeltungsmaßnahme $#Repressalien $74177817-0 $8Repressalie [Ts1] $9085840440 045F $a900.947909044 $eDDC23BSB 045F/01 $a900 045F/03 $f09044 045F/03 $g479 045R $aGeschichte 1941-1949 lok: 43598080 78 exp: 43598080 78 1 #EPN 201B/01 $006-09-18 $t11:07:00.000 201C/01 $006-09-18 201U/01 $0utf8 203@/01 $01027692443 208@/01 $a06-09-18 $be 209A/01 $a/ $f000 $x00 209A/01 $ab*p $x01 220C/01 $akoe 247C/01 $82080>Marburg/Lahn, Herder-Institut, Forschungsbibliothek, Bibliographieportal $9336309341
| LEADER | 00000caa a2200000 c 4500 | ||
|---|---|---|---|
| 001 | 435980807 | ||
| 003 | DE-603 | ||
| 005 | 20180911160713.0 | ||
| 007 | tu | ||
| 008 | 180906s2018 xx |||| | u00||u|eng c | ||
| 035 | |a (DE-599)HEB435980807 | ||
| 040 | |a DE-603 |b ger |c DE-603 |d DE-603 |e rda | ||
| 041 | |a eng | ||
| 082 | 0 | 4 | |8 1\u |a 900.947909044 |q DE-101 |2 23/BSB |
| 085 | |8 1\u |b 900 | ||
| 085 | |8 1\u |z 1 |s 09044 | ||
| 085 | |8 1\u |z 2 |s 479 | ||
| 100 | 1 | |a Davoliūtė, Violeta |d 1967- |e Verfasser |4 aut |0 (DE-603)335497950 |0 (DE-588)104641318X |2 gnd | |
| 245 | 0 | 0 | |a Introduction |c Violeta Davoliūtė and Tomas Balkelis |
| 264 | 0 | |c 2018 | |
| 336 | |a Text |b txt |2 rdacontent | ||
| 337 | |a ohne Hilfsmittel zu benutzen |b n |2 rdamedia | ||
| 338 | |a Band |b nc |2 rdacarrier | ||
| 648 | 7 | |a Geschichte 1941-1949 |2 gnd | |
| 650 | 7 | |a Deportation |0 (DE-588)4011467-3 |0 (DE-603)085023345 |2 gnd | |
| 650 | 7 | |a Repressalie |0 (DE-588)4177817-0 |0 (DE-603)085840440 |2 gnd | |
| 651 | 7 | |a Baltikum |0 (DE-588)4004379-4 |0 (DE-603)085003506 |2 gnd | |
| 651 | 7 | |a Sibirien |0 (DE-588)4054780-2 |0 (DE-603)085152390 |2 gnd | |
| 700 | 1 | |a Balkelis, Tomas |d 1970- |e Verfasser |4 aut |0 (DE-603)378597167 |0 (DE-588)1098216962 |2 gnd | |
| 773 | 0 | 8 | |i Enthalten in |t Narratives of exile and identity |d Budapest : Central European University Press, 2018 |h xii, 220 Seiten |z 9633861837 |z 9789633861837 |g (2018), Seite 1-15 |w (DE-603)415910714 |
| 924 | 0 | |9 2080 |a (DE-603)1027692443 |b DE-2080 |c HES |d d |g / | |


